000 00437nam a2200157 4500
001 110267
003 ES-MaACL
005 20230906185019.0
007 t|
008 061121s1954 sp r ||||1| spa d
100 1 _aOchandarena, Ana María.
_986465
245 1 1 _a¿Mari-Pepa?
_b: novela /
_cAna María Ochandarena.
260 _aMadrid :
_b[s.n.],
_c1954 (
_fGráf. Valera)
300 _a347 p. ;
_c19 cm.
852 _aES-MaACL
_jC-8456
999 _c110267
_d110267